U.S. Groups of Six - Statistics

General Stats
  • This quiz has been taken 67,486 times
    36,242 since last reset
  • The average score is 29 of 48
Answer Stats
Group Answer % Correct
New England states Maine
90%
Branches of the U.S. military Navy
90%
New England states Vermont
88%
New England states Massachusetts
87%
New England states New Hampshire
87%
New England states Rhode Island
87%
Branches of the U.S. military Air Force
86%
Branches of the U.S. military Army
85%
U.S. time zones Eastern
85%
New England states Connecticut
84%
Countries whose flag has flown over Texas Mexico
84%
U.S. time zones Pacific
82%
Countries whose flag has flown over Texas United States
82%
U.S. time zones Central
80%
Countries whose flag has flown over Texas Spain
79%
Branches of the U.S. military Marines
76%
Countries whose flag has flown over Texas France
74%
Main characters on "Friends" Joey
72%
Main characters on "Friends" Rachel
72%
Main characters on "Friends" Ross
72%
Main characters on "Friends" Chandler
71%
Main characters on "Friends" Phoebe
71%
U.S. time zones Mountain
69%
Main characters on "Friends" Monica
68%
Branches of the U.S. military Coast Guard
62%
U.S. time zones Hawaiian-Aleutian
60%
Countries whose flag has flown over Texas Republic of Texas
60%
State capitals on the sea Boston
59%
U.S. time zones Alaska
55%
Space shuttles Challenger
53%
Village People characters Native American
50%
Village People characters Police Officer
50%
State capitals on the sea Honolulu
47%
State capitals on the sea Providence
45%
Branches of the U.S. military Space Force
45%
Space shuttles Columbia
43%
Village People characters Construction Worker
41%
State capitals on the sea Juneau
41%
State capitals on the sea Olympia
41%
State capitals on the sea Annapolis
38%
Countries whose flag has flown over Texas Confederate States
35%
Village People characters Cowboy
28%
Space shuttles Discovery
28%
Space shuttles Endeavour
25%
Village People characters Soldier
20%
Village People characters Biker
19%
Space shuttles Atlantis
18%
Space shuttles Enterprise
17%
No matching quizzes found
Score Distribution
Percent of People with Each Score
Percentile by Number Answered
Your Score History
You have not taken this quiz since the last reset